Statistiques concernant Français célèbres - Quiz d'images #5

Cliquez ici pour prendre le quiz!

Statistiques générales

  • Ce quiz a été pris 141 fois
  • Le résultat moyen est 7 sur 12

Statistiques - réponses

Réponse% Correct
François Hollande
98%
David Guetta
85%
Sophie Marceau
82%
Alizée
74%
Louis Pasteur
69%
Thierry Henry
65%
Emmanuelle Béart
61%
Jeanne Moreau
54%
Martin Fourcade
54%
Melanie Laurent
45%
Bernard Hinault
45%
Michèle Mercier
9%

Distribution des résultats

Percentile par nombre de réponses

% des personnes avec chaque résultat

Votre développement - résultats

Vous n’avez pas pris ce quiz